| 000 | 00693nam 22002173 4500 | ||
|---|---|---|---|
| 001 | 200089 | ||
| 010 | _a972-750-006-6 | ||
| 021 |
_aPT _b40262/90 |
||
| 090 | _a200089 | ||
| 100 | _a20260121d u||y0pory50 ba | ||
| 200 |
_aA civilização do gene _fFrançois Gros _gtradução Maria Margarida Amorim S. V. Correia |
||
| 210 |
_aMem Martins _cTerramar _dD.L. 1990 |
||
| 215 |
_a141 p. _cbrochado _d21 cm |
||
| 225 |
_aQuestões de ciência _h1 |
||
| 606 |
_aGenética geral. Citogenética geral _915897 |
||
| 675 |
_a575 _vPT _zpor |
||
| 700 |
_96140 _aGros _bFrançois _f1925-2022 |
||
| 702 |
_915900 _aCorreia _bMaria Margarida Amorim S. V. |
||
| 801 |
_aPT _bBMMN _gRPC |
||
| 830 | _cVanda | ||
| 990 | _cLIVROS | ||